| 000 | 00692nam a2200289Ia 4500 | ||
|---|---|---|---|
| 008 | 181129s9999 xx 000 0 und d | ||
| 020 | _a9780439556026 | ||
| 050 | _bK641 2005 | ||
| 100 | _aKlein, Abby | ||
| 245 | 0 | _aDon't sit on my lunch! / | |
| 245 | 0 | _cby Abby Klein ; illustrated by John McKinley. | |
| 260 | _aNew York, NY : | ||
| 260 | _bScholastic, | ||
| 260 | _c2005 | ||
| 300 | _a95 pages : | ||
| 300 | _billustrations ; | ||
| 300 | _c19cm. | ||
| 440 | _aReady, Freddy! ; | ||
| 440 | _v4 | ||
| 500 | _a640L | ||
| 650 | _aBullying. | ||
| 650 | _aHockey stories. | ||
| 650 | _aSchools. | ||
| 700 | _aMcKinley, John. | ||
| 700 | _aSeries. | ||
| 700 | _aTitle. | ||
| 999 |
_c360049 _d360049 |
||